000 00843nam a2200265Ia 4500
003 OSt
005 20220926021010.0
006 a|||||r|||| 00| 0
007 ta
008 220923b |||||||| |||| 00| 0 eng d
020 _a0312235801
037 _cGeneral Book
040 _aRTL
_cRTL
_beng
041 _2eng
_aeng
082 _aX6:75.1(X).P, P0.1-.2
100 _aPery Guillermo Ed.
_9325548
245 0 _aFiscal reform and structural change in developing countries
260 _aNew York
_bSt. Martin U.S.A.
_c2000
300 _a249p; 354p.
_ccm.
650 _aCredit Economics
_9232529
700 _a McMahon Gary Ed.
_9325549
700 _a Whalley John Ed.
_9250324
942 _hX6:75.1(X).P, P0.1-.2
_cGB
_2CC
999 _c635432
_d635432